00574nam a2200205 i 450000100060000000300090000600500170001500700030003200800410003502000180007608000210009410000190011524500630013426000370019730000220023449000300025660000190028683000300030585200330033513267ES-MaACL20230906150534.0t|980120s1996 sp ||||1| spa d a84-8239-133-X a929 Pablo, Santo1 aDreyfus, Paul.10aPablo de Tarso b: ciudadano del imperio / cPaul Dreyfus. aMadrid : bPalabra, cD.L. 1996. a487 p. ; c23 cm.1 aAyer y hoy de la historia04aPablo cSanto.0 aAyer y hoy de la historia aES-MaACLjL-20630 bR.126311